Portuguese Primeira Liga Clubs by Badge - Statistics

General Stats
  • This quiz has been taken 839 times
    505 since last reset
  • The average score is 13 of 18
Answer Stats
Picture Answer % Correct
Benfica
98%
Porto
98%
Sporting CP
96%
Braga
93%
Boavista
79%
Vitória de Guimarães
79%
Rio Ave
77%
Arouca
74%
Estoril
72%
Famalicão
66%
Casa Pia
62%
Estrela da Amadora
62%
Gil Vicente
62%
Moreirense
58%
Portimonense
58%
Chaves
57%
Vizela
53%
Farense
51%
No matching quizzes found
Score Distribution
Percent of People with Each Score
Percentile by Number Answered
Your Score History
You have not taken this quiz since the last reset